000 00429nam a2200181Ia 4500
001 24894
005 20260414151114.0
008 260414t2017||||xx |||||||||||||| ||spa||
041 _aESP
082 _a346
_bV917
100 _aVarsi Rospigliosi, Enrique
_eAUT
245 0 _aTratado de derechos reales
_b
260 _c2017
300 _a411 páginas
_c24 cm.
650 _aDER
654 _aCDE
942 _cLIB
_dJUS
_fJUS
_2ddc
_n
999 _c24894
_d24894